000 00275nam a22001097a 4500
008 240610b |||||||| |||| 00| 0 eng d
100 _aVaswani, Satichand
_915208
245 _aBharat Jone Daryon
260 _aAjmer:
_bKnurmal Sahitya;
_c1968.
300 _a151p.
942 _cBK
999 _c39457
_d39457